000 00300pam a2200121a 44500
008 230405s2019 xxu||||| |||| 00| 0 eng d
041 _aENG
100 _aMS. MEGHA TIWARI
245 _aPHARMACOLOGY ( MS. MEGHA TIWARI )
260 _aPUNE
_bNIRALI PRAKASHAN
_c2019
300 _a13.3
906 _a3071
999 _c268510
_d268510